| 000 | 00635nam a2200169 a 4500 | ||
|---|---|---|---|
| 008 | 101111s2008 ||||||||||||||||| || u | ||
| 020 | _a9781846283918 | ||
| 050 | _aTA 174 Arm | ||
| 100 | _aArmstrong, James | ||
| 245 | 1 | 0 |
_aDesign matters: the organisation and principles of engineering design _cby James Armstrong |
| 260 |
_aLondon: _bSpringer _c2008 |
||
| 300 | _axiv, 164p.: ill | ||
| 350 | _a0.00 | ||
| 650 | _aENGINEERING | ||
| 650 | _aENGINEERING DESIGN | ||
| 995 |
_D0.00 _FCBU-MAIN LIBRARY (Kitwe) _H1 _I0.00 _M1 _UAVAILABLE _WDec 10, 2010 _ZMain Library Open Access Collection |
||
| 999 |
_c39698 _d39698 |
||